[Event "TCh-BEL 2011-12"]
[Site "Belgium BEL"]
[Date "2012.02.12"]
[Round "8.3"]
[White "Becker,Marce"]
[Black "Hamdouchi,H"]
[Result "0-1"]
[WhiteTitle "FM"]
[BlackTitle "GM"]
[WhiteElo "2353"]
[BlackElo "2610"]
[WhiteTeam "Eynatten 1"]
[BlackTeam "Charleroi"]
[WhiteFideId "4628446"]
[BlackFideId "9000011"]
[EventDate "2011.10.09"]

1. d4 Nf6 2. Nf3 c5 3. d5 b5 4. c4 Qa5+ 5. Bd2 b4 6. Qc2 g6 7. e4 d6 8. h3 Bg7
9. Bd3 Qb6 10. O-O a5 11. Qc1 O-O 12. Bh6 e5 13. dxe6 Bxe6 14. Qg5 Nc6 15. Nbd2
Rfe8 16. Rae1 Qd8 17. Qh4 Ne5 18. Be2 Nxe4 19. Ng5 Nxg5 20. Bxg5 f6 21. Be3 f5
22. Bg5 Qd7 23. Nf3 Bf7 24. Rd1 Nc6 25. Rd2 Re4 26. Qg3 Rxe2 27. Rxe2 Bxc4 28.
Rd2 Bxf1 29. Rxd6 Qe8 30. Kxf1 Bxb2 31. Be3 a4 32. Qh4 Qe4 33. Rxc6 Qxh4 34.
Nxh4 b3 35. a3 Bxa3 36. Nf3 b2 0-1

[Event "TCh-BEL 2011-12"]
[Site "Belgium BEL"]
[Date "2012.02.12"]
[Round "8.4"]
[White "David,Alb"]
[Black "Michalczak,T"]
[Result "1-0"]
[WhiteTitle "GM"]
[BlackTitle "FM"]
[WhiteElo "2588"]
[BlackElo "2316"]
[WhiteTeam "Charleroi"]
[BlackTeam "Eynatten"]
[WhiteFideId "4000013"]
[BlackFideId "4622634"]
[EventDate "2011.10.09"]

1. d4 d5 2. c4 dxc4 3. Nf3 a6 4. e3 b5 5. a4 Bb7 6. b3 e6 7. bxc4 bxc4 8. Bxc4
c5 9. O-O Nf6 10. Ba3 Nbd7 11. Nbd2 Be7 12. Rb1 Ra7 13. Nb3 Nb6 14. Be2 Nxa4 15.
Nxc5 Nc3 16. Nxb7 Qa8 17. Qc2 Nxe2+ 18. Qxe2 Bxa3 19. Qa2 O-O 20. Na5 Be7 21.
Ne5 Qd5 22. Qxd5 Nxd5 23. Nac6 Rc7 24. Ra1 Ra8 25. Nxe7+ Nxe7 26. Rfb1 h5 27. h3
g6 28. Ra5 Kg7 29. Rba1 Rca7 30. g3 Kf8 31. Kg2 Ke8 32. g4 hxg4 33. hxg4 Kf8 34.
Kf3 Kg7 35. Kg3 Kf8 36. R1a3 Ke8 37. Ra1 Kf8 38. Kf3 Kg7 39. R1a2 Kf8 40. Kg2
Kg7 41. Kg3 Kf8 42. Nc4 Nc6 43. Rc5 Ne7 44. Ne5 Kg7 45. Nc4 Rc8 46. Rxc8 Nxc8
47. Ra5 Ne7 48. Rc5 Nd5 49. Ra5 Kf8 50. Nd6 Nb4 51. Kf3 Rd7 52. Ne4 Rb7 53. Nc5
Rb5 54. Ra1 a5 55. Nd7+ Ke8 56. Ne5 Kf8 57. Rc1 Nd5 58. Rc8+ Kg7 59. Ra8 Rb7 60.
g5 f6 61. gxf6+ Kxf6 62. Rxa5 Nc7 63. Ng4+ Kg7 64. Rg5 Nd5 65. Ne5 Ne7 66. Rg1
Rc7 67. Ra1 Nc6 68. Nd3 Kf6 69. Rc1 Rc8 70. Ke4 Ne7 71. Ra1 Rc6 72. Ra7 Nc8 73.
Rh7 Nd6+ 74. Kf3 Rb6 75. Nc5 Rc6 76. Kg4 1-0

[Event "TCh-BEL 2011-12"]
[Site "Belgium BEL"]
[Date "2012.02.12"]
[Round "8.6"]
[White "Saiboulatov,D"]
[Black "Gohla,U"]
[Result "1-0"]
[WhiteTitle "IM"]
[WhiteElo "2395"]
[BlackElo "2182"]
[WhiteTeam "Charleroi"]
[BlackTeam "Eynatten 1"]
[WhiteFideId "204145"]
[BlackFideId "4696255"]
[EventDate "2011.10.09"]

1. e4 e5 2. Nf3 Nc6 3. Bb5 a6 4. Ba4 d6 5. O-O Bg4 6. h3 h5 7. Bxc6+ bxc6 8. d4
Bxf3 9. Qxf3 exd4 10. Rd1 Qf6 11. Qxf6 Nxf6 12. Rxd4 Be7 13. Bg5 Nd7 14. Bxe7
Kxe7 15. Nd2 Ne5 16. Nf1 f6 17. Ne3 g6 18. Re1 Rhd8 19. f4 Nf7 20. b3 Kf8 21.
Rc4 Re8 22. Nd1 Nd8 23. Kf2 a5 24. Nb2 Ra6 25. Nd3 Nf7 26. g3 Re7 27. Ra4 Re8
28. a3 Raa8 29. Rc4 Ra6 30. Re3 Rb6 31. Ne1 Re7 32. Nf3 Nd8 33. Nd2 Nb7 34. Nf3
Nd8 35. Ra4 Nb7 36. e5 Kf7 37. exf6 Rxe3 38. Kxe3 Kxf6 39. Re4 Nc5 40. Re8 Ne6
41. a4 Ra6 42. g4 hxg4 43. hxg4 c5 44. Rc8 c4 45. bxc4 Rc6 46. Nd2 Nc5 47. Ra8
Nxa4 48. Rxa5 Nc5 49. Ra7 Ne6 50. Rb7 Ke7 51. Rb8 Nd8 52. Ra8 Rc5 53. Ra1 Ne6
54. Rh1 Nf8 55. Kd3 Ra5 56. Re1+ Kf7 57. Nb3 Ra3 58. Ra1 Rxa1 59. Nxa1 Ne6 60.
Ke3 Kf6 61. Nb3 Ke7 62. Nd2 c6 63. Ne4 Nc7 64. f5 gxf5 65. gxf5 d5 66. cxd5 cxd5
67. Nc3 Kf6 68. Kf4 d4 69. Ne4+ Ke7 70. Ke5 Nb5 71. f6+ Kf8 72. Nc5 Kf7 73. Ne6
Na3 74. Ng5+ Kg6 75. f7 Kg7 76. Ke6 Nb5 77. Ke7 1-0

[Event "TCh-BEL 2011-12"]
[Site "Belgium BEL"]
[Date "2012.02.12"]
[Round "8.7"]
[White "Wittenberg,A"]
[Black "Laurent,B"]
[Result "1/2-1/2"]
[BlackTitle "IM"]
[WhiteElo "2148"]
[BlackElo "2372"]
[WhiteTeam "Eynatten"]
[BlackTeam "Charleroi"]
[WhiteFideId "24678155"]
[BlackFideId "202169"]
[EventDate "2011.10.09"]

1. d4 Nf6 2. Nf3 g6 3. g3 Bg7 4. Bg2 O-O 5. O-O d6 6. b3 c5 7. Bb2 cxd4 8. Nxd4
d5 9. c4 e5 10. Nb5 a6 11. N5c3 d4 12. Nd5 Nxd5 13. Bxd5 Nc6 14. e3 Nb4 15. Bf3
dxe3 16. Nc3 exf2+ 17. Kg2 Nd3 18. Ba3 Re8 19. Bd5 Bf5 20. Ne4 Qxd5 21. cxd5
Bxe4+ 22. Kh3 Rad8 23. d6 b5 24. Qd2 f5 25. Rxf2 g5 26. Re2 Bh6 27. Qc3 Bg7 28.
Rf1 g4+ 29. Kh4 Re6 30. Rxe4 Rh6+ 31. Kg5 Rg6+ 32. Kh5 Rh6+ 33. Kg5 Rg6+ 34. Kh5
Rh6+ 1/2-1/2

[Event "TCh-BEL 2011-12"]
[Site "Belgium BEL"]
[Date "2012.02.12"]
[Round "8.8"]
[White "Dal Borgo,A"]
[Black "Andok,C"]
[Result "1/2-1/2"]
[WhiteElo "2220"]
[BlackElo "2114"]
[WhiteTeam "Charleroi"]
[BlackTeam "Eynatten"]
[WhiteFideId "203190"]
[BlackFideId "24602000"]
[EventDate "2011.10.09"]

1. c4 Nf6 2. g3 c5 3. Nc3 g6 4. Bg2 Bg7 5. e3 O-O 6. Nge2 d6 7. O-O Nc6 8. d4
cxd4 9. exd4 Bf5 10. b3 a5 11. h3 h5 12. Be3 Nb4 1/2-1/2

[Event "TCh-BEL 2011-12"]
[Site "Belgium BEL"]
[Date "2012.02.12"]
[Round "8.1"]
[White "Michiels,B"]
[Black "Wantiez,F"]
[Result "1-0"]
[WhiteTitle "IM"]
[BlackTitle "FM"]
[WhiteElo "2501"]
[BlackElo "2355"]
[WhiteTeam "Gand"]
[BlackTeam "Fontaine"]
[WhiteFideId "202967"]
[BlackFideId "202274"]
[EventDate "2011.10.09"]

1. d4 Nf6 2. c4 g6 3. Nf3 Bg7 4. g3 d5 5. cxd5 Nxd5 6. Bg2 Nb6 7. Nc3 Nc6 8. e3
O-O 9. O-O Re8 10. Re1 e5 11. d5 Na5 12. e4 c6 13. b3 cxd5 14. exd5 f5 15. Bg5
Qd6 16. Qd2 Bd7 17. Rad1 Nc8 18. Bh6 Bh8 19. Ng5 b6 20. g4 e4 21. gxf5 gxf5 22.
Ne6 Rxe6 23. dxe6 Qxd2 24. Rxd2 Be8 25. Rd8 Nd6 1-0

[Event "TCh-BEL 2011-12"]
[Site "Belgium BEL"]
[Date "2012.02.12"]
[Round "8.2"]
[White "Ringoir,T"]
[Black "Van Oosterom,C"]
[Result "1/2-1/2"]
[WhiteTitle "IM"]
[BlackTitle "IM"]
[WhiteElo "2414"]
[BlackElo "2389"]
[WhiteTeam "Fontaine"]
[BlackTeam "Gand"]
[WhiteFideId "208027"]
[BlackFideId "1013076"]
[EventDate "2011.10.09"]

1. e4 c5 2. Nc3 d6 3. f4 g6 4. Nf3 Bg7 5. Bb5+ Bd7 6. Bc4 Nc6 7. O-O e6 8. d3
Nge7 9. f5 gxf5 10. Bf4 Ne5 11. Nxe5 dxe5 12. Be3 Qc7 13. exf5 Nxf5 14. Qh5
O-O-O 15. Rxf5 exf5 16. Nd5 Qd6 17. Qxf7 Qf8 18. Qxf8 Bxf8 1/2-1/2

[Event "TCh-BEL 2011-12"]
[Site "Belgium BEL"]
[Date "2012.02.12"]
[Round "8.3"]
[White "Van der Stricht,G"]
[Black "Cekro,E"]
[Result "1-0"]
[WhiteTitle "IM"]
[BlackTitle "IM"]
[WhiteElo "2365"]
[BlackElo "2394"]
[WhiteTeam "Gand"]
[BlackTeam "Fontaine"]
[WhiteFideId "201324"]
[BlackFideId "201855"]
[EventDate "2011.10.09"]

1. d4 Nf6 2. c4 e6 3. Nf3 b6 4. g3 Bb7 5. Bg2 Bb4+ 6. Bd2 Qe7 7. O-O Bxd2 8.
Qxd2 d6 9. Nc3 Ne4 10. Nxe4 Bxe4 11. Qe3 Bb7 12. b4 Nd7 13. c5 Bd5 14. Rfc1 O-O
15. a4 Nf6 16. a5 bxc5 17. bxc5 Rab8 18. Qd3 e5 19. cxd6 cxd6 20. dxe5 dxe5 21.
Qe3 Rfe8 22. Qc5 Qb7 23. Qc7 e4 24. Qxb7 Bxb7 25. Nd4 e3 26. f3 Red8 27. Nf5 Ba6
28. Ne7+ Kf8 29. Nc6 Bxe2 30. Re1 Bb5 31. Nxb8 Rxb8 32. Rxe3 Rd8 33. a6 Rd6 34.
Bf1 Nd5 35. Rb3 Bxf1 36. Kxf1 Nc7 37. Rb8+ 1-0

[Event "TCh-BEL 2011-12"]
[Site "Belgium BEL"]
[Date "2012.02.12"]
[Round "8.4"]
[White "Marechal,A"]
[Black "Lemmers,O"]
[Result "1/2-1/2"]
[WhiteTitle "FM"]
[BlackTitle "IM"]
[WhiteElo "2336"]
[BlackElo "2382"]
[WhiteTeam "Fontaine"]
[BlackTeam "Gand"]
[WhiteFideId "202355"]
[BlackFideId "1002759"]
[EventDate "2011.10.09"]

1. e4 c5 2. Nc3 Nc6 3. g3 g6 4. Bg2 Bg7 5. d3 d6 6. f4 e6 7. Nf3 Nge7 8. O-O O-O
9. Be3 b6 10. Bf2 Bb7 11. Rb1 Qd7 12. Ne2 f5 13. c3 Rae8 14. b4 Nd8 15. Qc2 Qc8
16. bxc5 dxc5 17. Nd2 Ndc6 18. Nc4 Rd8 19. e5 Qd7 20. Rfd1 1/2-1/2

[Event "TCh-BEL 2011-12"]
[Site "Belgium BEL"]
[Date "2012.02.12"]
[Round "8.7"]
[White "Goormachtigh,J"]
[Black "Marchiano,M"]
[Result "1-0"]
[WhiteTitle "FM"]
[WhiteElo "2212"]
[BlackElo "1867"]
[WhiteTeam "Gand"]
[BlackTeam "Fontaine"]
[WhiteFideId "200280"]
[BlackFideId "206156"]
[EventDate "2011.10.09"]

1. d4 d5 2. Nf3 Nf6 3. c4 e6 4. Nc3 Nbd7 5. cxd5 exd5 6. Bg5 Be7 7. e3 c6 8. Bd3
O-O 9. Qc2 Re8 10. h3 h6 11. Bh4 Ne4 12. Bxe4 Bxh4 13. Bh7+ Kh8 14. g3 Bxg3 15.
fxg3 Qf6 16. O-O Rxe3 17. Ne5 Rxg3+ 18. Kh2 Rxh3+ 19. Kxh3 Nxe5+ 20. Bf5 Ng6 21.
Bxc8 Qh4+ 22. Kg2 Rxc8 23. Qf2 Qxf2+ 24. Rxf2 Kg8 25. Re1 Kf8 26. Re3 Re8 27.
Nd1 f6 28. Kg3 Rxe3+ 29. Nxe3 Ne7 30. Nf5 Nxf5+ 31. Rxf5 Kf7 32. Rf3 Ke6 33.
Re3+ Kd7 34. Kf4 b6 35. b4 g6 36. Rg3 g5+ 37. Kf5 c5 38. Kxf6 Kd6 39. Rh3 cxd4
40. Rxh6 g4 41. Kf5+ 1-0

[Event "TCh-BEL 2011-12"]
[Site "Belgium BEL"]
[Date "2012.02.12"]
[Round "8.8"]
[White "Barbarossa,Frederic"]
[Black "Van Heirzeele,D"]
[Result "1/2-1/2"]
[WhiteElo "1602"]
[BlackElo "2161"]
[WhiteTeam "Fontaine"]
[BlackTeam "Gand"]
[WhiteFideId "224952"]
[BlackFideId "200425"]
[EventDate "2011.10.09"]

1. e4 c5 2. Nf3 d6 3. d4 cxd4 4. Nxd4 Nf6 5. Nc3 g6 6. Be3 a6 7. f3 b5 8. Qd2
Bb7 9. O-O-O Nbd7 10. g4 Bg7 11. h4 h5 12. g5 Nh7 13. Nd5 O-O 14. Bh3 Nc5 15.
Rhf1 e6 16. Nb4 Qc7 17. Ne2 Rfd8 18. Bf4 Na4 19. Nd3 a5 20. Be3 b4 21. Nd4 e5
22. Nb3 d5 23. Qg2 d4 24. Bg1 Nf8 25. Bh2 Ne6 26. Bxe6 fxe6 27. f4 Rac8 1/2-1/2

[Event "TCh-BEL 2011-12"]
[Site "Belgium BEL"]
[Date "2012.02.12"]
[Round "8.1"]
[White "Pliester,L"]
[Black "Wemmers,X"]
[Result "1/2-1/2"]
[WhiteTitle "IM"]
[BlackTitle "IM"]
[WhiteElo "2392"]
[BlackElo "2414"]
[WhiteTeam "Jean-Jaures Gand"]
[BlackTeam "Borgerhout"]
[WhiteFideId "1000381"]
[BlackFideId "1004182"]
[EventDate "2011.10.09"]

1. e4 e5 2. Nf3 Nc6 3. Nc3 Nf6 4. d4 exd4 5. Nxd4 Bb4 6. Nxc6 bxc6 7. Bd3 d5 8.
exd5 cxd5 9. O-O O-O 10. Bg5 c6 11. Qf3 Bd6 12. a3 h6 13. Bxf6 Qxf6 14. Qxf6
gxf6 15. Ne2 Rb8 16. Rab1 c5 17. Rfd1 Rd8 18. c3 a5 1/2-1/2

[Event "TCh-BEL 2011-12"]
[Site "Belgium BEL"]
[Date "2012.02.12"]
[Round "8.2"]
[White "Docx,S"]
[Black "Peelen,P"]
[Result "1/2-1/2"]
[WhiteTitle "FM"]
[BlackTitle "IM"]
[WhiteElo "2328"]
[BlackElo "2354"]
[WhiteTeam "Borgerhout"]
[BlackTeam "Jean-Jaures Gand"]
[WhiteFideId "200778"]
[BlackFideId "1000403"]
[EventDate "2011.10.09"]

1. d4 Nf6 2. c4 g6 3. g3 Bg7 4. Bg2 O-O 5. Nc3 c6 6. e4 d6 7. Nf3 Bg4 8. O-O
Nfd7 9. h3 Bxf3 10. Bxf3 Qb6 11. Be3 Qxb2 12. Na4 Qb4 13. Rb1 Qxc4 14. Rxb7 Qa6
15. Qb3 e5 16. d5 cxd5 17. exd5 Nf6 18. Rc1 e4 19. Bg2 Nbd7 20. Rc6 Nb6 21. Nxb6
axb6 22. Rbxb6 Qxa2 23. Qxa2 Rxa2 24. Rxd6 Ra1+ 25. Kh2 Ra5 26. Rxf6 Bxf6 27.
Rxf6 Rxd5 28. Bxe4 Re5 29. Bc2 Re6 30. Rf4 Rb8 31. Rc4 Ree8 32. Be4 Rbc8 33. Ra4
Re7 34. g4 Re5 35. Kg3 Re7 36. h4 Rd7 37. h5 Rdc7 38. hxg6 hxg6 39. Ra1 Rd7 40.
Rh1 Rc4 41. f3 Kg7 42. g5 f5 43. gxf6+ Kxf6 44. Rh6 Rg7 45. Kg4 Rxe4+ 46. fxe4
Ke5 47. Kf3 Rf7+ 48. Ke2 Kxe4 49. Rxg6 Rh7 50. Rg4+ Kf5 51. Ra4 Kf6 52. Rc4 Ke5
53. Kd3 Rd7+ 54. Bd4+ Kf4 55. Rc6 Rf7 56. Rc5 Rf5 57. Rc1 Kf3 58. Rg1 Rf4 59.
Be3 Rf5 60. Rb1 Rd5+ 61. Bd4 Rf5 62. Rg1 Rf4 63. Be5 Ra4 64. Rf1+ Kg4 65. Rf8
Kg5 66. Bd4 Ra2 67. Ke4 Ra4 68. Rg8+ Kh4 69. Ke3 Kh5 70. Kd3 Rb4 71. Ke4 Kh4 72.
Rg1 Ra4 73. Ke5 Kh3 74. Rg8 Rb4 75. Be3 Rg4 76. Rh8+ Kg2 77. Ra8 Kf3 78. Bh6 Rb4
79. Rf8+ Ke2 80. Bg7 Ke3 81. Rh8 Rb5+ 82. Kf6 Ke4 83. Rh4+ Kd3 84. Ke6 Rb6+ 85.
Kf5 Rb7 86. Rh3+ Kc4 87. Be5 Rb3 88. Rh8 Re3 89. Rh2 Re1 90. Rh3 Kd5 91. Rd3+
Kc4 92. Rd8 Rh1 93. Bf4 Re1 1/2-1/2

[Event "TCh-BEL 2011-12"]
[Site "Belgium BEL"]
[Date "2012.02.12"]
[Round "8.4"]
[White "Vedder,R"]
[Black "Daels,M"]
[Result "1/2-1/2"]
[WhiteTitle "FM"]
[WhiteElo "2260"]
[BlackElo "2233"]
[WhiteTeam "Borgerhout"]
[BlackTeam "Jean-Jaures Gand"]
[WhiteFideId "1004166"]
[BlackFideId "201502"]
[EventDate "2011.10.09"]

1. e4 c5 2. Nf3 Nc6 3. d4 cxd4 4. Nxd4 Nf6 5. Nc3 e5 6. Ndb5 d6 7. Bg5 a6 8. Na3
b5 9. Bxf6 gxf6 10. Nd5 f5 11. Bd3 Be6 12. O-O Bxd5 13. exd5 Ne7 14. c4 Bg7 15.
Be2 e4 16. Qd2 O-O 17. cxb5 Ng6 18. bxa6 f4 19. Nc4 Rxa6 20. Qc2 f3 21. gxf3 Nh4
22. Kh1 exf3 23. Bd3 Ng6 24. Rg1 Qh4 25. Ne3 Be5 26. Ng4 Bf4 27. Bxa6 f5 28.
Nf6+ Qxf6 29. Qc3 Qh4 30. Rg3 Bxg3 31. fxg3 Qa4 32. Bc8 Ne5 33. Be6+ Kh8 34. b4
Qa7 35. Qd2 Qg7 36. Rf1 f4 37. g4 Qa7 38. Re1 Kg7 39. Qb2 f2 40. Rf1 Qe3 41.
Qxf2 Nd3 42. Qf3 Nxb4 43. a3 Nc2 44. Bf5 Nxa3 45. Qxf4 Qxf4 46. Rxf4 h5 47. h3
Nb5 48. Rc4 hxg4 49. hxg4 Ra8 50. Kg2 Kf6 51. Bd7 Ra5 52. Kg3 Kg5 53. Rf4 Ra3+
54. Rf3 Rxf3+ 55. Kxf3 Na3 56. Ke4 Nc4 1/2-1/2

[Event "TCh-BEL 2011-12"]
[Site "Belgium BEL"]
[Date "2012.02.12"]
[Round "8.5"]
[White "Groffen,H"]
[Black "Veltkamp,G"]
[Result "1/2-1/2"]
[WhiteElo "2207"]
[BlackElo "2207"]
[WhiteTeam "Jean-Jaures Gand"]
[BlackTeam "Borgerhout"]
[WhiteFideId "1004140"]
[BlackFideId "4631307"]
[EventDate "2011.10.09"]

1. d4 Nf6 2. c4 c5 3. d5 b5 4. cxb5 a6 5. e3 g6 6. Nc3 Bg7 7. e4 d6 8. a4 O-O 9.
Nf3 e6 10. dxe6 Bxe6 11. Be2 axb5 12. Bxb5 d5 13. exd5 Nxd5 14. Nxd5 Bxd5 15.
O-O Nc6 16. Be3 Bxb2 17. Bxc5 Bxf3 18. Qxf3 Nd4 19. Bxd4 Bxd4 20. Rad1 Qb6 21.
Rd3 Rad8 22. Qe4 Rd6 23. Rf3 Rc8 24. g3 Re6 25. Qd5 Rd8 26. Qb3 Rf6 27. Rxf6
Qxf6 28. Kg2 Bb6 29. Qf3 Qd4 30. Re1 Rd6 31. Re4 Rf6 32. Rxd4 Rxf3 33. Kxf3 Bxd4
34. a5 f5 35. a6 Kf7 36. Ke2 g5 37. Bd3 Ke6 38. g4 fxg4 39. Bxh7 Ke5 40. Bg8 Kf4
41. Be6 1/2-1/2

[Event "TCh-BEL 2011-12"]
[Site "Belgium BEL"]
[Date "2012.02.12"]
[Round "8.6"]
[White "Baert,A"]
[Black "Ghysels,C"]
[Result "1-0"]
[WhiteTitle "FM"]
[WhiteElo "2183"]
[BlackElo "2149"]
[WhiteTeam "Borgerhout"]
[BlackTeam "Jean-Jaures Gand"]
[WhiteFideId "200107"]
[BlackFideId "201499"]
[EventDate "2011.10.09"]

1. e4 c5 2. Nf3 g6 3. d4 cxd4 4. Nxd4 Nc6 5. Nc3 Bg7 6. Be3 Nf6 7. Bc4 O-O 8.
Bb3 e6 9. O-O d5 10. exd5 exd5 11. h3 Re8 12. Qf3 Ne5 13. Qe2 Nc6 14. Rad1 Ne4
15. Nxd5 Ng3 16. fxg3 Nxd4 17. Qf2 Nxb3 18. Qxf7+ Kh8 19. Nf6 Be6 20. Qxe8+ Qxe8
21. Nxe8 Rxe8 22. axb3 Bf5 23. Bd4 Re2 24. Rf2 Re1+ 25. Rxe1 Bxd4 26. Kf1 Bxf2
27. Kxf2 1-0

[Event "TCh-BEL 2011-12"]
[Site "Belgium BEL"]
[Date "2012.02.12"]
[Round "8.7"]
[White "Van de Wynkele,H"]
[Black "Van den Brande,W"]
[Result "0-1"]
[BlackTitle "FM"]
[WhiteElo "2044"]
[BlackElo "2225"]
[WhiteTeam "Jean-Jaures Gand"]
[BlackTeam "Borgerhout"]
[WhiteFideId "207144"]
[BlackFideId "201286"]
[EventDate "2011.10.09"]

1. e4 c5 2. Nf3 e6 3. d4 cxd4 4. Nxd4 Nf6 5. Nc3 d6 6. Be3 a6 7. f3 b5 8. Qd2
Bb7 9. O-O-O Nbd7 10. g4 Nb6 11. h4 Rc8 12. h5 b4 13. Nb1 d5 14. Qf2 Nfd7 15. f4
Qc7 16. e5 Bc5 17. g5 Nc4 18. Bxc4 dxc4 19. Rh2 c3 20. g6 cxb2+ 21. Kxb2 Nb6 22.
gxf7+ Qxf7 23. Ka1 Nc4 24. Bc1 O-O 25. Qe1 Rfd8 26. Nb3 Bb6 27. Rxd8+ Rxd8 28.
Qxb4 Qc7 29. Qe1 a5 30. Na3 a4 31. Nxc4 Qxc4 32. Na5 Qd4+ 33. Kb1 Bd5 34. Bb2
Bxa5 35. Qxa5 Qd1+ 0-1

[Event "TCh-BEL 2011-12"]
[Site "Belgium BEL"]
[Date "2012.02.12"]
[Round "8.8"]
[White "Maas,T"]
[Black "Westerweele,H"]
[Result "1-0"]
[WhiteElo "2102"]
[BlackElo "1961"]
[WhiteTeam "Borgerhout"]
[BlackTeam "Jean-Jaures Gand"]
[WhiteFideId "203211"]
[BlackFideId "1013319"]
[EventDate "2011.10.09"]

1. e4 e6 2. d4 d5 3. Nd2 Nf6 4. e5 Nfd7 5. Bd3 c5 6. c3 Nc6 7. Ne2 cxd4 8. cxd4
f6 9. exf6 Nxf6 10. Nf3 Bd6 11. Bg5 Qc7 12. O-O O-O 13. Bh4 Nh5 14. Bg3 Nxg3 15.
hxg3 g6 16. Rc1 Qg7 17. Bb1 Bd7 18. Qd2 Rf6 19. a3 Raf8 20. Qe3 Ne7 21. Ne5 Nf5
22. Qd2 Bb5 23. Ng4 Bxe2 24. Nxf6+ Qxf6 25. Qxe2 Nxd4 26. Qe3 Nc6 27. Ba2 Be5
28. Rce1 Kg7 29. Re2 Bxb2 30. Qb3 Be5 31. Qxb7+ Ne7 32. Rxe5 Qxe5 33. Qxe7+ Rf7
34. Qb4 Rf5 35. Re1 Qc7 36. Rxe6 Qc2 37. Qe7+ Kh6 38. Re2 Qd1+ 39. Re1 Qd4 40.
Qe3+ Qxe3 41. Rxe3 d4 42. Rd3 Rc5 43. Rxd4 Rc1+ 44. Kh2 Rc2 45. Bd5 Rxf2 46.
Rh4+ Kg7 47. Rf4 Rd2 48. Rf7+ Kh6 49. Bf3 1-0

[Event "TCh-BEL 2011-12"]
[Site "Belgium BEL"]
[Date "2012.02.12"]
[Round "8.1"]
[White "Hausrath,D"]
[Black "Dgebuadze,A"]
[Result "1/2-1/2"]
[WhiteTitle "IM"]
[BlackTitle "GM"]
[WhiteElo "2507"]
[BlackElo "2544"]
[WhiteTeam "Eynatten 2"]
[BlackTeam "Rochade Eupen"]
[WhiteFideId "4617495"]
[BlackFideId "203882"]
[EventDate "2011.10.09"]

1. Nf3 Nf6 2. g3 b5 3. Bg2 Bb7 4. O-O a6 5. d3 g6 6. e4 d6 7. a4 Bg7 8. e5 dxe5
9. Nxe5 Bxg2 10. Kxg2 Qd5+ 11. Qf3 Qxf3+ 12. Nxf3 b4 13. Nbd2 Nd5 14. Nc4 Nd7
15. Be3 Nxe3+ 16. fxe3 O-O 17. Nfd2 f5 1/2-1/2

[Event "TCh-BEL 2011-12"]
[Site "Belgium BEL"]
[Date "2012.02.12"]
[Round "8.2"]
[White "Feygin,M"]
[Black "Van Kampen,R"]
[Result "0-1"]
[WhiteTitle "IM"]
[BlackTitle "IM"]
[WhiteElo "2521"]
[BlackElo "2529"]
[WhiteTeam "Rochade Eupen"]
[BlackTeam "Eynatten"]
[WhiteFideId "14103109"]
[BlackFideId "1020854"]
[EventDate "2011.10.09"]

1. d4 d5 2. Nc3 Nf6 3. Bg5 Nbd7 4. e3 e6 5. f4 c5 6. Nf3 Qa5 7. Bxf6 Nxf6 8.
Bb5+ Bd7 9. Bxd7+ Nxd7 10. O-O Be7 11. Qe1 Qb6 12. Rb1 O-O 13. Ne2 Qa6 14. Ra1
Qb5 15. Qd2 cxd4 16. exd4 Qxb2 17. Rab1 Qa3 18. Rxb7 Nb6 19. Ne5 Bd6 20. f5 Bxe5
21. dxe5 Nc4 22. Qd3 Qxd3 23. cxd3 Nxe5 24. Nf4 exf5 25. Nxd5 g6 26. Ne7+ Kg7
27. d4 Nc4 28. Rc1 Nd6 29. Rd7 Ne4 30. Nc6 Rfc8 31. d5 Nf6 32. Rd6 Ne4 33. Rd7
Nf6 34. Rd6 Rc7 35. Rd1 Rac8 36. Nb4 Rc1 37. Rf1 R8c4 38. a3 a5 39. Nc6 a4 40.
Nb4 R4c3 41. Ra6 Rxf1+ 42. Kxf1 Rxa3 43. d6 Re3 44. Ra7 Re6 45. Nd3 a3 46. d7
Nxd7 47. Nf4 Rd6 48. Rxa3 Nf6 49. h3 Ne4 50. Kg1 g5 51. Nd3 f4 52. Kh2 Ng3 53.
Rb3 f6 54. Ra3 Kg6 55. Rb3 Ra6 56. Rb1 Ra2 57. Kg1 Nf5 58. Ne1 Ne3 59. Rc1 Re2
60. Rb1 h5 61. Rc1 Rb2 62. Rc8 Rd2 63. Rc5 g4 64. hxg4 hxg4 65. Rc8 Kg5 66. Rc1
Kh4 67. Kh2 f3 68. Rc5 g3+ 69. Kh1 Rd1 0-1

[Event "TCh-BEL 2011-12"]
[Site "Belgium BEL"]
[Date "2012.02.12"]
[Round "8.4"]
[White "Schneider,Bernd1"]
[Black "Dambacher,M"]
[Result "0-1"]
[WhiteTitle "IM"]
[BlackTitle "IM"]
[WhiteElo "2424"]
[BlackElo "2496"]
[WhiteTeam "Rochade Eupen"]
[BlackTeam "Eynatten 2"]
[WhiteFideId "4600266"]
[BlackFideId "1005030"]
[EventDate "2011.10.09"]

1. c4 e6 2. Nc3 d5 3. d4 Nf6 4. Bg5 Be7 5. e3 h6 6. Bh4 O-O 7. Nf3 b6 8. Rc1 Bb7
9. Be2 dxc4 10. Bxc4 Nbd7 11. O-O c5 12. Qe2 a6 13. a4 Ne4 14. Bxe7 Qxe7 15.
Nxe4 Bxe4 16. Rfd1 cxd4 17. exd4 Nf6 18. Ne5 Qb7 19. f3 Bd5 20. Rc3 Bxc4 21.
Rxc4 Nd5 22. Rdc1 b5 23. axb5 Qxb5 24. Nd3 Rfd8 25. Kh1 Rab8 26. h3 Ne7 27. Rb4
Nf5 28. Rxb5 Ng3+ 29. Kh2 Nxe2 30. Rxb8 Rxb8 31. Rc2 Nxd4 32. Rc4 Nf5 33. b4 Rd8
34. Rc3 h5 35. g4 Nd4 36. Nc5 Rd6 37. gxh5 Rb6 38. Rc4 Nxf3+ 39. Kg3 Ne5 40. Rd4
Kh7 41. Rd8 Rxb4 42. Nxa6 Rb3+ 43. Kh4 Rc3 44. Nb8 f6 45. Re8 g5+ 46. hxg6+ Kxg6
47. Rxe6 Kf5 0-1

[Event "TCh-BEL 2011-12"]
[Site "Belgium BEL"]
[Date "2012.02.12"]
[Round "8.6"]
[White "Meessen,R"]
[Black "Zelbel,P"]
[Result "0-1"]
[WhiteTitle "FM"]
[BlackTitle "IM"]
[WhiteElo "2278"]
[BlackElo "2408"]
[WhiteTeam "Rochade Eupen"]
[BlackTeam "Eynatten 2"]
[WhiteFideId "202029"]
[BlackFideId "24624322"]
[EventDate "2011.10.09"]

1. d4 f5 2. h3 d5 3. c4 Nf6 4. cxd5 Nxd5 5. Nc3 Nc6 6. Nf3 e6 7. g4 Bb4 8. Qb3
O-O 9. Bd2 fxg4 10. hxg4 Rxf3 11. exf3 Nxd4 12. Qd1 Qf6 13. Rh3 Qe5+ 14. Be2
Nxc3 15. bxc3 Nxe2 16. Rh5 Nxc3+ 17. Rxe5 Nxd1 18. Bxb4 Nb2 19. Re3 b6 20. Bc3
Nc4 21. Rd3 Nd6 22. Be5 Ba6 23. Rc3 Nc4 24. Bxc7 Rc8 25. Bg3 Bb7 26. Rd1 Bd5 27.
a4 Kf7 28. Be5 Rc5 29. Bb8 Ra5 30. f4 Rxa4 31. f5 Ra3 32. Rxa3 Nxa3 33. Bxa7 b5
34. Rc1 Nc4 35. fxe6+ Kxe6 36. Bd4 g6 37. Rb1 Bc6 38. Bc3 h5 39. gxh5 gxh5 40.
Ke2 h4 41. f3 Nd6 42. Ke3 h3 43. Kf4 Bd7 44. Bb4 Nf5 45. Rd1 Bc8 46. Rd2 Bd7 47.
Kg4 h2 48. Rxh2 Kd5 49. Rh7 Be6 50. Kf4 Nd4 51. Bf8 Ne2+ 52. Ke3 Ng3 53. Rc7
Nf5+ 54. Kd3 Ke5 55. Ke2 Bd5 56. Rh7 Kf4 57. Kf2 Bxf3 0-1